Countries by borders #2 - Statistics

General Stats
  • This quiz has been taken 7 times
  • The average score is 23 of 29
Answer Stats
Picture Answer % Correct
Namibia
100%
Algeria
86%
Angola
86%
Belgium
86%
Chad
86%
D. R. Congo
86%
Estonia
86%
Finland
86%
Ireland
86%
Mozambique
86%
Netherlands
86%
Nicaragua
86%
Niger
86%
Oman
86%
Sweden
86%
Uzbekistan
86%
Azerbaijan
71%
Central African republic
71%
El Salvador
71%
Eritrea
71%
Gabon
71%
Ghana
71%
Honduras
71%
Kuwait
71%
Malawi
71%
Serbia
71%
Tajikistan
71%
Turkmenistan
71%
Zambia
71%
No matching quizzes found
Score Distribution
Percent of People with Each Score
Percentile by Number Answered
Your Score History
You have not taken this quiz